000 00687nam a2200289Ia 4500
005 20260324115839.0
008 008 260324s9999 xx 000 0 eng d
020 _a9780429257278
037 _aEBOOK
040 _aCRL
040 _beng
040 _cCRL
041 _2eng
041 _aeng
084 _qCRL
100 _aLisa Boisvert
_91156234
245 0 _aReflections on Hoshin Planning
245 0 _bGuidance for Leaders and Practitioners
260 _bTaylor and Francis
260 _c2016
365 _a
365 _b300
856 _uhttp://www.taylorfrancis.com/books/9780429257278
942 _cEBOOK
999 _c1747413
_d1747413